Keen Minds to Explore the dark Continents of Diseases; (Record no. 4706)
[ view plain ]
| 000 -LEADER | |
|---|---|
| fixed length control field | 00568nam a22002057a 4500 |
| 003 - CONTROL NUMBER IDENTIFIER | |
| control field | OSt |
| 005 - DATE AND TIME OF LATEST TRANSACTION | |
| control field | 20180207141138.0 |
| 008 - FIXED-LENGTH DATA ELEMENTS--GENERAL INFORMATION | |
| fixed length control field | 160711b xxu||||| |||| 00| 0 eng d |
| 020 ## - INTERNATIONAL STANDARD BOOK NUMBER | |
| International Standard Book Number | 978-0615486383 |
| 020 ## - INTERNATIONAL STANDARD BOOK NUMBER | |
| International Standard Book Number | 061548638X |
| 040 ## - CATALOGING SOURCE | |
| Transcribing agency | DNLM. |
| 082 ## - DEWEY DECIMAL CLASSIFICATION NUMBER | |
| Classification number | QZ4 K25d 2011. |
| 100 ## - MAIN ENTRY--PERSONAL NAME | |
| Personal name | Edited by Louis,N.David; |
| 9 (RLIN) | 10123 |
| 245 ## - TITLE STATEMENT | |
| Title | Keen Minds to Explore the dark Continents of Diseases; |
| 260 ## - PUBLICATION, DISTRIBUTION, ETC. (IMPRINT) | |
| Place of publication, distribution, etc. | Boston; |
| Name of publisher, distributor, etc. | MGH and Medical school, |
| Date of publication, distribution, etc. | 2011. |
| 300 ## - PHYSICAL DESCRIPTION | |
| Extent | xiv,411p; |
| Other physical details | ill; |
| Dimensions | 26cm. |
| 504 ## - BIBLIOGRAPHY, ETC. NOTE | |
| Bibliography, etc | includes index. |
| 650 ## - SUBJECT ADDED ENTRY--TOPICAL TERM | |
| Topical term or geographic name as entry element | Pathology. |
| 9 (RLIN) | 37 |
| 942 ## - ADDED ENTRY ELEMENTS (KOHA) | |
| Source of classification or shelving scheme | Other/Generic Classification Scheme |
| Koha item type | Open Shelf |
| Withdrawn status | Lost status | Source of classification or shelving scheme | Damaged status | Not for loan | Home library | Current library | Date acquired | Source of acquisition | Inventory number | Total Checkouts | Full call number | Barcode | Date last seen | Koha item type |
|---|---|---|---|---|---|---|---|---|---|---|---|---|---|---|
| Other/Generic Classification Scheme | MUST Main Library | MUST Main Library | 11/07/2016 | 13/37134 | QZ4 K25d 2011. | 2016-3114 | 11/07/2016 | Open Shelf |
